California crazy #5/ by Beverly Lewis.
Available copies
- 0 of 1 copy available at LARL/NWRL Consortium.
Current holds
0 current holds with 1 total copy.
Show All Copies
| Location | Call Number / Copy Notes | Barcode | Shelving Location | Status | Due Date |
|---|---|---|---|---|---|
Record details
- ISBN: 0764225049
- Physical Description: 149 p. ; 21 cm.
- Publisher: Minneapolis, Minn. : Bethany House, 2002.
Content descriptions
| General Note: | Rewritten version of: California Christmas. Grand Rapids, Mich. : Zondervan, c1994. |
| Summary, etc.: | When she goes to visit her father in California ... Read More |
Search for related items by subject
| Subject: | Stepfamilies > Juvenile fiction. Christian life > Juvenile fiction. |
| Genre: | Christmas stories. |
Search for related items by series
| LDR | 01184cam a22002898a 4500 | ||
|---|---|---|---|
| 001 | 43256 | ||
| 003 | LARL_NWRL_CONSORTIUM | ||
| 005 | 20020319091426.0 | ||
| 008 | 020225s2002 mnu c 000 0 eng | ||
| 020 | . | ‡a0764225049 | |
| 035 | . | ‡a(OCoLC)49355638 | |
| 035 | 0 | 0. | ‡ilcmarc/BAQ-9291/KRLTECH2 |
| 082 | 0 | 0. | ‡a[Fic] ‡221 |
| 099 | . | ‡aLew | |
| 100 | 1 | . | ‡aLewis, Beverly, ‡d1949- ‡0(LARL_NWRL_CONSORTIUM)110084 |
| 245 | 1 | 0. | ‡aCalifornia crazy ‡n#5/ ‡cby Beverly Lewis. |
| 260 | . | ‡aMinneapolis, Minn. : ‡bBethany House, ‡c2002. | |
| 300 | . | ‡a149 p. ; ‡c21 cm. | |
| 490 | 0 | . | ‡aHolly's heart ; ‡v5 |
| 500 | . | ‡aRewritten version of: California Christmas. Grand Rapids, Mich. : Zondervan, c1994. | |
| 520 | . | ‡aWhen she goes to visit her father in California for Christmas, Holly has to deal with her feelings about the boyfriend she leaves behind in Colorado, her snoopy younger sister, and her new stepmother. | |
| 650 | 0. | ‡aStepfamilies ‡vJuvenile fiction. | |
| 650 | 0. | ‡aChristian life ‡vJuvenile fiction. ‡0(LARL_NWRL_CONSORTIUM)164297 | |
| 655 | 0. | ‡aChristmas stories. | |
| 901 | . | ‡a43256 ‡bOCLC ‡c43256 ‡tbiblio | |

Add to basket
Permalink
Disable Highlighting